| 000 | 00545cam a2200181 4500500 | ||
|---|---|---|---|
| 005 | 20260405000259.0 | ||
| 041 | _afre | ||
| 042 | _adc | ||
| 100 | 1 | 0 |
_aChapuis, Émilie _eauthor |
| 245 | 0 | 0 | _aY a-t-il une pensée alter ? |
| 260 | _c2006. | ||
| 500 | _a15 | ||
| 690 | _aAltermondialisme | ||
| 690 | _aCapitalisme | ||
| 690 | _aUtopie | ||
| 786 | 0 | _nPhilosophie magazine | 1 | 4-5 | 2006-05-01 | p. 13-13 | 1951-1787 | |
| 856 | 4 | 1 | _uhttps://shs.cairn.info/magazine-philosophie-magazine-2006-4-5-page-13?lang=fr&redirect-ssocas=7080 |
| 999 |
_c2035473 _d2035473 |
||